000 00215nam a22000857a 4500
008 170131b xxu||||| |||| 00| 0 eng d
100 _92694
_aBourgeious.P
245 _aFranklin Fibs
260 _aNew Delhi
_bScholastic
_c2008
999 _c5855
_d5855